|
000
|
01266nam0 2200253 450
|
|
001
|
012019000126
|
|
005
|
20191113100850.0
|
|
010
|
|
@a978-7-01-021151-0@dCNY158.00
|
|
100
|
|
@a20191007d2019 em y0chiy50 ea
|
|
101
|
0
|
@achi
|
|
102
|
|
@aCN@b110000
|
|
105
|
|
@aabk z 000yy
|
|
106
|
|
@ar
|
|
200
|
1
|
@a中国城市综合发展指标@Azhong guo cheng shi zong he fa zhan zhi biao@h2018@e大都市圈发展战略@f主编周牧之, 陈亚军
|
|
210
|
|
@a北京@c人民出版社@d2019.9
|
|
215
|
|
@a263页@c彩图, 地图@d26cm
|
|
330
|
|
@a国家发改委发展规划司与云河都市研究院共同编制的“中国城市综合发展指标”通过汇集对中国城镇化问题的认识和吸纳国内外经验教训以及先进理念, 摸索和开发既可以量化又可视化的城市化指标评价体系, 为中国的城镇化和城市发展树立起了一套数字化标杆和参照系。中国城市综合发展指标的数据每年进行更新, 各年度报告书除了延续上一年度的部分指标分析内容之外, 还会结合新型城镇化政策, 推出重大课题分析作为主题报告, 今年的主题报告为大都市圈发展战略。
|
|
517
|
1
|
@a大都市圈发展战略@Ada du shi quan fa zhan zhan lve
|
|
606
|
0
|
@a城市发展战略@Acheng shi fa zhan zhan lve@x研究报告@y中国@z2018
|
|
690
|
|
@aF299@v5
|
|
701
|
0
|
@a周牧之@Azhou mu zhi@4主编
|
|
701
|
0
|
@a陈亚军@Achen ya jun@4主编
|
|
801
|
0
|
@aCN@bCDNYKJZYXY@c20191113
|
|
905
|
|
@aCDNYKJZYXY@b300607394-5@dF299@e193@f2
|
|
|
|
|
| |
| 中国城市综合发展指标.2018:大都市圈发展战略/主编周牧之, 陈亚军.-北京:人民出版社,2019.9 |
| 263页:彩图, 地图;26cm |
| |
| |
| ISBN 978-7-01-021151-0:CNY158.00 |
| 国家发改委发展规划司与云河都市研究院共同编制的“中国城市综合发展指标”通过汇集对中国城镇化问题的认识和吸纳国内外经验教训以及先进理念, 摸索和开发既可以量化又可视化的城市化指标评价体系, 为中国的城镇化和城市发展树立起了一套数字化标杆和参照系。中国城市综合发展指标的数据每年进行更新, 各年度报告书除了延续上一年度的部分指标分析内容之外, 还会结合新型城镇化政策, 推出重大课题分析作为主题报告, 今年的主题报告为大都市圈发展战略。 |
| ● |
正题名:中国城市综合发展指标
索取号:F299/193
 
预约/预借
| 序号
|
登录号
|
条形码
|
馆藏地/架位号
|
状态
|
备注
|
|
1
|
607394
|
300607394
|
柳城-5楼/10架5列3层/
[索取号:F299/193]
|
在馆
|
|
|
2
|
607395
|
300607395
|
柳城-5楼/10架5列3层/
[索取号:F299/193]
|
在馆
|
|